000 00549nam a2200193Ia 4500
001 10410
003 GE_BSU
008 181216s||||||||xx |||||||||||||| ||und||
040 _cGE_BSU
245 _aВопросы культурологии. №5 2014.
245 _cГл. ред.А.В.Агошков и др.
260 _aМосква
260 _c2014
300 _a107стр.26см.
653 _aВопросы культурологии. №5 2014.
653 _aПериодика
653 _aპერიოდიკა
942 _cCR
999 _c43670
_d43670